000 00419nam a2200157 i 4500
001 40096
003 ES-MaACL
005 20230906160136.0
007 t|
008 030305s1904 be ||||1| fre d
100 1 _aCapart, Jean.
_934784
245 1 4 _aLes délents de l'art en Egypte /
_cpar Jean Capart.
260 _aBruxelles :
_bVromant et Cie.,
_c1904.
300 _a316 p. ;
_c25 cm.
852 _aES-MaACL
_jF-1012
999 _c40096
_d40096